[Event "World ol U16 11th"]
[Site "Istanbul"]
[Date "2012.08.29"]
[Round "1.5"]
[White "Gundogan, Cem"]
[Black "Javanbakht, Nima"]
[Result "1-0"]
[WhiteElo "2012"]
[BlackElo "2385"]
[PlyCount "141"]
[EventDate "2012.08.29"]
[EventType "team-swiss"]
[EventRounds "10"]
[EventCountry "TUR"]
[SourceTitle "CBM 150 Extra"]
[Source "ChessBase"]
[SourceDate "2012.10.19"]
[SourceVersion "1"]
[SourceVersionDate "2012.10.19"]
[SourceQuality "1"]
[WhiteTeam "Turkey Istanbul (U16)"]
[BlackTeam "Iran (U16)"]
[WhiteTeamCountry "TUR"]
[BlackTeamCountry "IRI"]

1. e4 c5 2. Nc3 Nc6 3. f4 g6 4. Nf3 Bg7 5. Bc4 d6 6. 0-0 Nf6 7. d3 0-0 8. f5 Na5 9. fxg6 hxg6 10. Qe1 Nxc4 11. dxc4 Be6 12. Nd5 b5 13. Qh4 Bxd5 14. Ng5 Re8 15. cxd5 Qd7 16. h3 e6 17. dxe6 Rxe6 18. Nxe6 Qxe6 19. e5 Qxe5 20. Re1 Qf5 21. Qf2 Qxf2+ 22. Kxf2 d5 23. Re7 Ne4+ 24. Kf3 f5 25. Rb7 a6 26. c3 d4 27. cxd4 cxd4 28. Rd7 Rc8 29. g4 Rc2 30. gxf5 gxf5 31. Be3 dxe3 32. Rg1 e2 33. Rdxg7+ Kf8 34. R7g2 Rxb2 35. Rxe2 Rb4 36. Rc2 Ra4 37. Kf4 Nd6+ 38. Ke5 Nc4+ 39. Kf6 f4 40. Rg4 f3 41. Rf2 Ke8 42. h4 Ra3 43. h5 Ne3 44. Re4+ Kf8 45. Kg6 Nd5 46. h6 Rc3 47. h7 Rc6+ 48. Kf5 Kg7 49. Ke5 Nf6 50. Rh4 Nxh7 51. Rxf3 Nf8 52. Kd5 Rb6 53. Rg4+ Ng6 54. Kc5 Re6 55. Kd5 Rb6 56. Kc5 Re6 57. a3 Kh6 58. Rh3+ Kg7 59. Rd3 Kf7 60. Rd6 Rxd6 61. Kxd6 a5 62. Kc5 b4 63. a4 Ne5 64. Rg1 Ke6 65. Kb5 Kd5 66. Rd1+ Ke4 67. Kxa5 b3 68. Kb5 b2 69. Rb1 Nd3 70. a5 Kd4 71. a6 1-0